00744 a2200193 450000100060000002000180000604000220002410000190004624000410006524500360010630000080014236200090015065000590015994200070021895200900022595201090031595201090042499900170053359999 a9783190074471 cAnchieta - Pituba aLuscher,renate10aÜbungsgramatik für anfangerlpor10aÜbungsgramatik für anfanger a3190 a2001 4aLínguas germânicas (teutônicas) língua alemã cBK 00104070a91.1b91.1d2023-11-21l0p11511/PITr2023-11-21 18:28:05w2023-11-21yBK 00104070a91.1b91.1d2023-11-21l0o430 L968u LUS UEBp13365/PITr2023-11-21 18:28:05w2023-11-21yBK 00104070a91.1b91.1d2023-11-21l0o430 L968u LUS UEBp18534/PITr2023-11-21 18:28:05w2023-11-21yBK c59999d59999